01691nam a2200265Ia 450000100060000000300090000600800410001504000130005604000130006904100130008210000200009510000290011524001080014424000350025224501130028724501130040025000110051326000110052426000130053526000490054830000570059750007120065465000280136665000310139496141IT-RoPAU130308s9999 xx 000 0 und d aIT-RoPAU cIT-RoPAU aITALIANO aGolomstock Igor gCodice Aut. SPICS: 33205 aTOTALITARIAN ART IN THE UNION SOVIET, THE THIRD REICH, FASCIST ITALY AND THE PEOPLE'S REPUBLIC OF CHINA gCodice Tit. Orig. Spics: T2276 aArte totalitaria nell'Urss di Stalin, nella Germania di Hitler, nell'Italia di Mussolini e nella Cina di Mao bArte totalitaria nell'Urss di Stalin, nella Germania di Hitler, nell'Italia di Mussolini e nella Cina di Mao a1a ed. aMILANO bLeonardo c1990 [1° Ed.:1990 - Ed.Ling.Originale:1990] a"440 p. (prefazione: no ; testo: 440 [pagine: 0-0])" aProcedimento e prodotto modernismo e totalitarismo Arte e Rivoluzione Sociale Avanguardia e Arte di sinistra tra modernismo e totalrealismo Stile Transizionale Avanguardia tedesca battaglia per L'Arte Ideologia Realismo Socialista Megamacchina della Cultura totalitaria terrore totalitarismo contro modernismo Italia Sulla via del Realismo totale Variante Cinese Funzione e Linguaggio propaganda Appello Alle masse e Spirito Volk Mito e Vita Arte e Realtà Rivoluzione Semantica e Uomo Nuovo Struttura Arte tematica Gerarchia dei Generi paesaggi Nature Morte e Nudi Architettura e Stile Ideologia in pietra restaurazione o Rivoluzione? Età d'oro delle cattedrali Album dell'arte totalitaria Bibliografia aSAGGI SULLE ARTI VISIVE eCodice materia Spics: 5011